| 000 | 00804nam a2200253Ia 4500 | ||
|---|---|---|---|
| 003 | GCL | ||
| 008 | 140319s9999 xx 000 0 ara d | ||
| 040 |
_aGCL / _cGCL |
||
| 082 | 0 | 4 | _a279.082 |
| 100 | 1 | _aاغناطيوس الرابع | |
| 245 | 1 | 0 |
_aفى المسألة اللبنانية المصير المسيحى . / _cاغناطيوس الرابع |
| 260 |
_a[S.N] : _bمركز الدراسات الارثوذكى الانطاكى ، _c1989 |
||
| 300 | _a86 ص | ||
| 490 | _a | ||
| 650 | 0 | 4 | _aالسياسة |
| 650 | 0 | 4 | _aلبنان |
| 650 | 0 | 4 | _aالمسيحية والسياسة |
| 650 | 0 | 4 | _aالحرب الاهلية |
| 650 | 0 | 4 | _aالمسيحيون فى لبنان |
| 650 | 0 | 4 | _aالطائفية |
| 650 | 0 | 4 | _aالارثوذكس |
| 650 | 0 | 4 | _aالموازنة |
| 942 |
_2ddc _cBK |
||
| 999 |
_c35737 _d35737 |
||